MARC

Tag First Indicator Second Indicator Subfields
LEADER 00000cam a2200000 i 4500
001 in00001381513
008 720612s1972 cau b 000 0 eng
005 20250527181805.2
010 |a  72184713  
016 |a (AMICUS)000001279562 
019 |a 1000966226  |a 1027319719  |a 1170242876  |a 1416525892 
035 |9 AHK3533AM 
035 |a (OCoLC)ocm00348088 
035 |a (OCoLC)348088  |z (OCoLC)1000966226  |z (OCoLC)1027319719  |z (OCoLC)1170242876  |z (OCoLC)1416525892 
035 |a (OCoLC)ocm00348088 
040 |a DLC  |b eng  |c DLC  |d MUQ  |d BTCTA  |d OCLCG  |d QE2  |d EUM  |d OCLCO  |d OCLCQ  |d OCLCF  |d OCLCO  |d OCL  |d OCLCO  |d OCLCQ  |d NLC  |d DHA  |d BUF  |d OCLCQ  |d VOD  |d OCLCA  |d YBM  |d OCLCO  |d OCL  |d J9U  |d OCLCO  |d OCLCL  |d YBM  |d TXA 
043 |a e-fr---  |a e-uk-en 
050 0 0 |a PQ527  |b .W3 
055 0 |a PQ527  |b .W3 
082 0 0 |a 842/.4/09 
084 |a 840.63 
084 |a 820.63 
090 |a PQ528  |b .W35 1972 
100 1 |a Waith, Eugene M.  |1 https://id.oclc.org/worldcat/entity/E39PCjxDJqVVftCpWJp77vv6YX 
245 1 0 |a French and English drama of the seventeenth century /  |c by Eugene M. Waith and Judd D. Hubert. With an introduction by Henry Goodman. 
264 1 |a Los Angeles,  |b William Andrews Clark Memorial Library, University of California,  |c 1972. 
300 |a iv, 57 pages  |c 23 cm 
336 |a text  |b txt  |2 rdacontent 
337 |a unmediated  |b n  |2 rdamedia 
338 |a volume  |b nc  |2 rdacarrier 
490 1 |a William Andrews Clark Memorial Library seminar papers 
500 |a "Papers read at a Clark Library seminar March 13, 1971." 
504 |a Includes bibliographical references. 
505 0 |a Tears of magnanimity in Otway and Racine, by E.M. Waith -- From Corneille to Molière; the metaphor of value, by J.D. Hubert. 
536 |a The Cushing Library/Rare Books copy is a gift of Harrison T. Meserole. 
650 0 |a French drama  |y 17th century  |x History and criticism. 
650 0 |a English drama  |y 17th century  |x History and criticism. 
600 1 0 |a Otway, Thomas,  |d 1652-1685  |x Criticism and interpretation. 
600 1 0 |a Racine, Jean,  |d 1639-1699  |x Criticism and interpretation. 
600 1 0 |a Corneille, Pierre,  |d 1606-1684  |x Criticism and interpretation. 
600 1 0 |a Molière,  |d 1622-1673  |x Criticism and interpretation. 
600 1 4 |a Otway, Thomas,  |d 1652-1685  |x Criticism and interpretation. 
600 1 6 |a Otway, Thomas,  |d 1652-1685. 
650 6 |a Théâtre français  |y 17e siècle. 
650 6 |a Théâtre anglais  |y 17e siècle. 
650 6 |a Théâtre français  |y 17e siècle  |x Histoire et critique. 
600 1 7 |a Otway, Thomas,  |d 1652-1685  |2 fast  |1 https://id.oclc.org/worldcat/entity/E39PBJhhkHwB9DwTPMcWTpkCcP 
650 7 |a English drama  |2 fast 
650 7 |a French drama  |2 fast 
600 1 7 |a Otway, Thomas,  |d 1652-1685  |2 nli 
650 7 |a French drama  |y 17th century  |x History and criticism  |2 nli 
648 7 |a 1600-1699  |2 fast 
655 7 |a Criticism, interpretation, etc.  |2 fast 
700 1 |a Hubert, Judd David,  |d 1917-2016,  |e author.  |1 https://id.oclc.org/worldcat/entity/E39PBJghjFHkfQ9fxpYrwKQDv3 
700 1 |a Goodman, Henry  |d 1919-2012,  |e writer of introduction. 
710 2 |a William Andrews Clark Memorial Library,  |e publisher. 
776 0 8 |i Online version:  |a Waith, Eugene M.  |t French and English drama of the seventeenth century.  |d Los Angeles, William Andrews Clark Memorial Library, University of California, 1972  |w (OCoLC)582266299 
830 0 |a William Andrews Clark Memorial Library seminar papers. 
938 |a Baker and Taylor  |b BTCP  |n 72184713 //r952 
948 |h HELD BY TXA - 311 OTHER HOLDINGS 
994 |a Z0  |b TXA 
999 f f |s 24a0e7cc-357c-3391-abcc-523b4c0e0b56  |i 507719b9-e60a-321a-b8d7-1abd1e94118c  |t 0 
952 f f |p noncirc  |a Texas A&M University  |b College Station  |c Cushing Memorial Library & Archives  |d Cushing: Rare Books (Does not check out)  |t 0  |e PQ528 .W35 1972  |h Library of Congress classification  |i unmediated -- volume  |m A1485390592D 
952 f f |p ric  |a Texas A&M University  |b Rellis Campus  |c Joint Library Facility  |d Remote Storage  |t 0  |e PQ527 .W35 1972  |h Library of Congress classification  |i unmediated -- volume  |m A14821362896 
998 f f |a PQ528 .W35 1972  |t 0  |l Cushing: Rare Books (Does not check out) 
998 f f |a PQ527 .W35 1972  |t 0  |l Remote Storage